Clic Georges Brassens chante... - Statistiques

Statistiques générales
  • Ce quiz a été pris 22 fois
  • Le résultat moyen est 4 sur 21
Statistiques - réponses
Hint Réponse % Correct
Il n'y a pas d'amour heureux Louis Aragon
45%
Les Passantes Antoine Pol
35%
La Légende de la nonne Victor Hugo
35%
Ballade des dames du temps jadis François Villon
30%
Ballade à la lune Alfred de Musset
25%
Les Oiseaux de passage Jean Richepin
25%
Le Petit Cheval Paul Fort
25%
Pensées des morts Alphonse de Lamartine
20%
À la Goutte d’Or Aristide Bruant
20%
Belleville-Ménilmontant Aristide Bruant
20%
Les Philistins Jean Richepin
20%
La Marine Paul Fort
15%
Colombine Paul Verlaine
15%
Le Verger du roi Louis Théodore de Banville
15%
À mon frère revenant d'Italie Alfred de Musset
10%
Le Roi boiteux Gustave Nadaud
10%
Altesse Victor Hugo
10%
Carcassonne Gustave Nadaud
5%
À la place Maubert Aristide Bruant
0%
Comme hier Paul Fort
0%
Si le bon dieu l'avait voulu Paul Fort
0%
Aucun quiz correspondant
Distribution des résultats
% des personnes avec chaque résultat
Percentile par nombre de réponses
Votre historique - résultats
Vous n’avez pas pris ce quiz